Gares sur la ligne de la Rochelle à Bordeaux - Statistiques

Statistiques générales
  • Ce quiz a été pris 23 fois
  • Le résultat moyen est 12 sur 25
Statistiques - réponses
Département Réponse % Correct
Gironde (33) Bordeaux-Saint-Jean
89%
(17) Rochefort
89%
(17) Saintes
89%
(17) La Rochelle-Ville
84%
(17) Châtelaillon
79%
(33) Cenon
68%
(17) Jonzac
68%
Charente-Maritime (17) La Rochelle-Porte-Dauphine
63%
(17) Pons
63%
(33) Saint-André-de-Cubzac
63%
(17) Montendre
53%
(17) Angoulins-sur-Mer
47%
Gironde (33) Saint-Mariens - Saint-Yzan
47%
(17) Aytré-Plage
42%
(17) Bords
37%
(17) Tonnay-Charente
37%
(17) Saint-Savinien-sur-Charente
26%
(33) Cubzac-les-Ponts
21%
(17) Saint-Laurent - Fouras
21%
Charente-Maritime (17) Bussac
16%
(33) La Grave-d'Ambarès
16%
(33) Aubie - Saint-Antoine
11%
(33) Cavignac
11%
(33) Gauriaguet
11%
(33) Sainte-Eulalie-Carbon-Blanc
5%
Aucun quiz correspondant
Distribution des résultats
% des personnes avec chaque résultat
Percentile par nombre de réponses
Votre historique - résultats
Vous n’avez pas pris ce quiz